|
|
|
|
| LEADER |
00000nam a2200000 i 4500 |
| 001 |
1/94448 |
| 008 |
991126s1998 eng d |
| 020 |
|
|
|a 0-7506-1202-9
|
| 035 |
|
|
|l 10054815
|
| 040 |
|
|
|a GR-MY-UA
|b gre
|e aacr
|
| 041 |
0 |
|
|a eng
|
| 082 |
0 |
|
|a 621.3
|
| 245 |
1 |
0 |
|a Electrical engineer's reference book /
|c edited by G. R. Jones, M. A. Laughton, M. G. Say
|
| 260 |
|
|
|a Oxford :
|b Newnes,
|c c1998
|
| 300 |
|
|
|a Various pages
|
| 504 |
|
|
|a Includes bibliographical references and index
|
| 650 |
0 |
0 |
|a Electric engineering.
|
| 700 |
1 |
|
|a Jones, G. R. (Gordon Rees)
|d 1938-
|4 edt
|
| 700 |
1 |
|
|a Laughton, M. A.
|4 edt
|
| 700 |
1 |
|
|a Say, M. G.
|q (Maurice George)
|d 1902-
|4 edt
|
| 852 |
|
|
|a INST
|b LESVOS
|e 19991126
|h 621.3 ELE
|p 005100022471
|q 005100022471
|t BK
|y 0
|
| 901 |
|
|
|a BIBL1-1999-3
|
| 909 |
|
|
|a Λ
|b 066893
|
| 922 |
|
|
|a 1ΕΛΗ
|b 199907
|c ΚΠΣ/ΤΠ
|d ΠΑΠΑΣΩΤΗΡΙΟΥ
|
| 950 |
|
|
|a 107-1998-07-17
|
| 970 |
|
|
|a ΤΖΑΦΕΡΗ
|b ΕΥΑΓΓΕΛΙΑ
|z 1999/12/09
|